Alle Campus 12 personages - Statistieken

Algemene statistieken
  • Deze quiz is 20 keer genomen
  • De gemiddelde score is 28 van 44
Antwoordstatistieken
Antwoord % Correct
Celeste Vincke
100%
Hanne Dubois
100%
Louise Vincke
100%
Noah De Smidt
100%
Sam Hendrickx
100%
Ward De Smidt
100%
Bo De Smidt
92%
Dante De Smidt
92%
Emilie Bello
85%
Frederic Vincke
85%
Olivier Vincke
85%
Edith
69%
Jamie
69%
Jeroen
69%
Violet
69%
Bavo Miller
62%
Dimitri Bogdanov
62%
Gilles
62%
Gilles
62%
Ivan Novak
62%
Kasper
62%
Lars
62%
Max Leclercq
62%
Rifka Leclercq
62%
Tygo Miller
62%
Yara
62%
Cleo
54%
Geert
54%
Hamza
54%
Oscar Levi
54%
Professor De Graaf
54%
Rani
54%
Zane Watson
54%
Chris Marble
46%
Juillet
46%
Lina Michiels
46%
Madina
46%
Mieke De Smidt
46%
Robrecht Vincke
46%
Carlo Keyzer
38%
Cassie
38%
Maya Roegiers
38%
Quinten Thys
38%
Wout Kornelissen
38%
Geen overeenkomende quizzen gevonden
Scoreverdeling
Procent van Mensen met Elke Score
Percentiel versus Aantal Correcte Antwoorden
Uw Scoregeschiedenis
U heeft deze quiz nog niet genomen